000 01197nam a22002057a 4500
999 _c63637
_d63637
003 Ge_BSU
005 20251120143414.0
008 251120s1976 ge ||||| |||| 00| 0 geo d
041 _ageo
080 _a911.3:33(47+57)(072) ს-88
100 _aსტროევი, კ.თ.
_926281
245 _aსსრ კავშირის ეკონომიური გეოგრაფიის სწავლების მეთოდიკა :
_bდამხმ. სახელმძღვ. მასწავლებელთათვის /
_cკ.თ. სტროევი, მ.კ. კოვალევსკაია, ვ.ი. რომი.
264 _aთბილისი :
_bგანათლება,
_c1976.
300 _a311 გვ. :
_bილ. ;
_c22 სმ.
500 _aლიტ. სია: გვ. 308-309.
653 _aსსრ კავშირის ეკონომიური გეოგრაფიის სწავლების მეთოდიკა
700 _aკოვალევსკაია, მ.კ.
_eავტორი
_926282
700 _aრომი, ვ.ი.
_eავტორი
_926283
942 _2udc
_cᲬᲘᲒᲜᲘ